000 01181nam a22003377a 4500
003 CHAP
005 20220329134042.0
008 971013s1986 r 00010 d
010 _a14694
011 _a15666
035 _a19742
040 _cCHAP
090 _aTesis
100 0 0 _aHernández Torres, Ismael.
_954673
245 _aRevisión taxonómica y anatómica del genero trisetum (Gramineae : Pooideae) en México y comparación anatómica con deschampsia
260 _aChapingo, Méx. :
_bEl Autor,
_c1986
300 _a117 h.
_b: ilus.
502 _aTesis (M. en C. Esp. en Botánica) -- CP. Centro de Botánica
590 _aALEPH
_b10
_c20130110
_lUCH01
_h1236
590 _aBATCH-UPD
_b10
_c20130110
_lUCH01
_h1807
590 _aBATCH-UPD
_b10
_c20130410
_lUCH01
_h1142
590 _aBATCH-UPD
_b10
_c20130914
_lUCH01
_h1551
590 _aCONVERSION
_b10
_c20130109
_lUCH01
_h1309
650 1 4 _aGramíneas
_xAnatomía y fisiología.
_950261
650 1 4 _aGramíneas
_xClasificación.
_950264
650 1 4 _aTrisetum.
_9115183
901 _aBK
942 _cFOLL
949 _bBC
_cTES
_d-46054
_eTS1
_h18001
_i19742
_si
949 _bBC
_cTES
_d-46055
_eTS2
_fc.2
_h18002
_i19742
_si
999 _c14694
_d14694